000 00485nam a22001817a 4500
005 20220518100528.0
008 220518b ||||| |||| 00| 0 eng d
020 _a9789389904116
040 _aIN-DiNC
_cIN-DiNC
041 _dasm
082 _a370.15
100 _aGoswami Marami
_eauthor
245 _aPsychological foundation of education A
_cby Marami Goswami
250 _a1st ed.
260 _aDibrugarh
_bKangan Stationary stores
_c2020
300 _a328p.
942 _2ddc
_cBK
999 _c11282
_d11282